00939cam a2200253 a 450000100100000000500170001000800410002702000150006804000230008308200170010610000240012324500950014726000350024230000280027749000350030549000230034050000440036365000290040765000310043683000490046791000340051695201200055099900150067000000498720200929151541.0920513s1988 sp a 001 p spa  a8476580819 aDO-SdBNPcDLCdDLC a861.6bR892g1 aRoyo, Jordi.91439413aIl gobbo :bpoesía reunida, 1980-1986 /cJordi Royo ; prólogo, Juan Antonio Masoliver. aBarcelona :bAnthropos,c1988. a150 p. :bil. ;c20 cm.1 aÁmbitos literarios ;vno. 901 aPoesía ;vno. 90 a"Premios Ámbito Literario 1982-1987". 4aPoesía española9631 4aLiteratura española9632 0aAmbitos literarios/Poesía ;vno. 90914395 aCatalogación por copia / LC 001052708MOaGRbGRcCTd2009-07-28iLF1l0o861.6 R892gp4987-10r2020-06-25w2020-06-25y2ZPréstamo interno c4793d4793